| 000 | 00807nam2a2200205 4500 | ||
|---|---|---|---|
| 001 | RU\NLR\PER_A\002705323_003150 | ||
| 005 | 20250624055256.0 | ||
| 035 | _a(NLR Aleph) 012520359 | ||
| 090 |
_a12321125 _c12321125 |
||
| 100 | _a20210518d2021 |||y0rusy50 ca | ||
| 101 | 0 | _arus | |
| 102 | _aRU | ||
| 200 | 0 | _a2021, № 3 | |
| 210 |
_d2021 _aБ. м. |
||
| 461 | 0 |
_1001RU\NLR\Per\524088 _12001#$aОхрана труда и пожарная безопасность в учреждениях здравоохранения$v2021, № 3 _94355823 _cВидное _d2007 - _n[б. и.] _tОхрана труда и пожарная безопасность в учреждениях здравоохранения _v2021, № 3 |
|
| 852 |
_aNLR _jП11/5397 |
||
| 942 | _cISSUE | ||
| 980 | _aNB | ||
| 980 | _aRUSPER | ||